| 000 | 01051cab a2200325 4500 | ||
|---|---|---|---|
| 001 | ABS51312 | ||
| 008 | 090401t1994 xxu||||| |||| 00| 0 eng d | ||
| 035 | _a(Sirsi) u21325 | ||
| 041 | _aeng | ||
| 100 | _aWilson, A.R. | ||
| 245 | 4 | _aThe environmental opinion: basis for an impaired value opinion | |
| 260 | _c1994 | ||
| 350 | _a0 | ||
| 490 |
_aAppraisal Journal _v62(3) July 1994, 410-423(14) |
||
| 520 | _aOffers a comprehensive view of what an environmental opinion must provide to support an appraisal opinion. Defines and explains a number of commonly used phrases and terms. (United States) | ||
| 650 | _aCONTAMINATED LAND | ||
| 650 | _aENVIRONMENTAL ASSESSMENT | ||
| 650 | _aENVIRONMENTAL RISK | ||
| 650 | _aENVIRONMENTALLY IMPAIRED PROPERTY | ||
| 650 | _aIMPAIRED VALUE OPINION | ||
| 650 | _aIMPAIRED VALUE | ||
| 650 | _aPHASE ONE AUDIT | ||
| 650 | _aSTIGMA | ||
| 650 | _aUNIMPAIRED VALUE | ||
| 650 | _aVALUATION ISSUES | ||
| 650 | _aVALUE | ||
| 690 | _aRATING AND VALUATION | ||
| 942 | _n0 | ||
| 948 | _c04/03/1997 | ||
| 999 |
_c14319 _d14319 |
||